000 01913cam a2200433 i 4500
001 16556767
003 OSt
005 20211112095517.0
008 101105t20122012nyua b 001 0 eng
010 _a 2010047117
020 _a9780073401980 (pbk. : acidfree paper)
020 _a0073401986 (pbk . : acidfree paper)
035 _a(DNLM)101546906
040 _aDNLM/DLC
_cDLC
_erda
_dDLC
042 _apcc
050 0 0 _aR728.8.B44
060 1 0 _aW 80
082 0 0 _a651/.93621
_223
100 1 _aBayes, Nenna L.,
245 1 0 _aMedical office procedures. /
_cNenna L. Bayes, Bonnie J. Crist, Karonne J. Becklin,
250 _a7th ed.
260 _aNew York:
_bMcGraw-Hill,
_c2012.
300 _a1 vol. (various paging):
_bill. ;
_c28 cm.
336 _atext
_2rdacontent
337 _aunmediated
_2rdamedia
338 _avolume
_2rdacarrier
504 _aIncludes bibliographical references and index.
505 0 _aContents: 1. The administrative medical assistant's career: The Administrative medical assistant -- Medical ethics, law, and compliance -- 2. Administrative responsibilities: Office communications -- Managing health information -- Office management -- 3.Practice financials: Insurance and coding -- Billing, reimbursement, and collection -- Practice finances -- 4. Preparing for employment: Preparing for employment in the medical office --
650 0 _aMedical assistants.
650 0 _aMedical offices
_xManagement.
650 1 2 _aOffice Management.
650 2 2 _aPractice Management, Medical.
700 1 _aCrist, Bonnie J.,
700 1 _aBecklin, Karonne J.,
787 0 8 _irevision of (work)
_aBecklin, Karonne J.
_tMedical office procedures.
_b6th ed.
_dNew York, NY : McGraw-Hill, 2006
_z0073191000
_w(OCoLC)61270793
906 _a7
_bcbc
_corignew
_d1
_eecip
_f20
_gy-gencatlg
942 _2lcc
_cBK
999 _c7966
_d15466